| 000 | 00538nam a2200181Ia 4500 | ||
|---|---|---|---|
| 005 | 20260209112429.0 | ||
| 008 | 231207s9999 xx 000 0 und d | ||
| 020 | _a9781861267801 | ||
| 040 | _cPK-LaNCA | ||
| 082 |
_a792.9072 _bHES |
||
| 100 | _aHester, John | ||
| 245 | 0 | _aUnderstanding and researching scripts: a practical guide | |
| 260 |
_bThe Crowood Press _aMarlborough _c2006 |
||
| 300 |
_a176p _bill |
||
| 546 | _aEnglish | ||
| 650 | _aTheatre--Scripts. Script researching. Script--Research and analyses. FTV. | ||
| 942 | _cF&TV | ||
| 999 |
_c27082 _d27082 |
||